Preobrazovanija Furie raspredelenij i ich obraščšenija tablicij = Fourier transforms of distributions and their inverses

Salvato in:
Dettagli Bibliografici
Autore principale: Oberhettinger, Fritz (Autore)
Natura: Libro
Lingua:russo
Pubblicazione: Moskva : Nauka, 1979
Tags: Aggiungi Tag
Nessun Tag, puoi essere il primo ad aggiungerne!!

MARC

LEADER 00000nam a22000003a 4500
001 stu146144
005 20150617225935.4
008 071003s1979----xxr-----------------rus-d
040 |a STU  |b slo 
041 0 |a rus 
044 |a xxr 
080 |a 517.982.4 
100 1 |a Oberhettinger, Fritz  |4 aut 
245 1 |a Preobrazovanija Furie raspredelenij i ich obraščšenija tablicij = Fourier transforms of distributions and their inverses 
260 |a Moskva :  |b Nauka,  |c 1979 
300 |a 247 s 
996 |b E45016  |c E*45016  |l EE03  |s P  |a 0  |w stu146144_0003